Online
Catalog

Derecho constitucional / (Record no. 15385)

MARC details
000 -CABECERA
campo de control de longitud fija 00839nam a2200265 a 4500
001 - NÚMERO DE CONTROL
campo de control 000015841
005 - FECHA Y HORA DE LA ÚLTIMA TRANSACCIÓN
campo de control 20240521193438.0
008 - DATOS DE LONGITUD FIJA--INFORMACIÓN GENERAL
campo de control de longitud fija 100219s2003 dr 000 0 spa d
020 ## - NÚMERO INTERNACIONAL ESTÁNDAR DEL LIBRO
Número Internacional Estándar del Libro 9993495301
040 ## - FUENTE DE LA CATALOGACIÓN
Centro catalogador/agencia de origen DO-SdBNP
Lengua de catalogación spa
Centro/agencia transcriptor BNPHU
082 ## - NÚMERO DE LA CLASIFICACIÓN DECIMAL DEWEY
Número de clasificación 342.7293
Número de documento/Ítem J82d
100 1# - ENTRADA PRINCIPAL--NOMBRE DE PERSONA
Nombre de persona Jorge Prats, Eduardo
9 (RLIN) 17747
245 10 - MENCIÓN DE TÍTULO
Título Derecho constitucional /
Mención de responsabilidad, etc. Eduardo Jorge Prats.
260 ## - PUBLICACIÓN, DISTRIBUCIÓN, ETC.
Lugar de publicación, distribución, etc. Santo Domingo :
Nombre del editor, distribuidor, etc. Gaceta Judicial,
Fecha de publicación, distribución, etc. 2003.
300 ## - DESCRIPCIÓN FÍSICA
Extensión v. ;
Dimensiones 27 cm.
490 1# - MENCIÓN DE SERIE
Mención de serie Manuales
500 ## - NOTA GENERAL
Nota general Incluye índice analítico
500 ## - NOTA GENERAL
Nota general La bibblioteca posee el volúmen 1
504 ## - NOTA DE BIBLIOGRAFÍA, ETC.
Nota de bibliografía, etc. Bibliografía: p. 706
590 ## - NOTA LOCAL (RLIN)
Nota local Inventariado, 2018/ YL
651 #4 - PUNTO DE ACCESO ADICIONAL DE MATERIA--NOMBRE GEOGRÁFICO
Nombre geográfico República Dominicana
Subdivisión general Derecho Constitucional
9 (RLIN) 9303
650 #0 - PUNTO DE ACCESO ADICIONAL DE MATERIA--TÉRMINO DE MATERIA
Término de materia o nombre geográfico como elemento de entrada Derecho constitucional
9 (RLIN) 10314
830 #0 - PUNTO DE ACCESO ADICIONAL DE SERIE-TÍTULO UNIFORME
Título uniforme Manuales
9 (RLIN) 35652
910 ## - DATOS DE OPCIÓN DEL USUARIO (OCLC)
Datos de opción del usuario Validado. Control de calidad MFF
Holdings
Estado de retiro Estado de pérdida Restricciones de uso No para préstamo Código de colección Localización permanente Ubicación/localización actual Ubicación en estantería Fecha de adquisición Número de inventario Total de préstamos Signatura topográfica completa Código de barras Fecha visto por última vez Precio válido a partir de Tipo de ítem Koha
  Extraviado     Patrimonio Dominicano General General Extraviado 19.02.2010 LF1   342.7293 J82d | v.1, e.3 15841-30 25.06.2020 25.06.2020 Libro y Folleto Colección Patrimonio Dominicano
      Excluido de préstamo Patrimonio Dominicano Patrimonio Dominicano Patrimonio Dominicano Depósito 19.02.2010 LF1   342.7293 J82d | v.1 15841-10 25.06.2020 25.06.2020 Libro y Folleto Colección Patrimonio Dominicano
      Excluido de préstamo Patrimonio Dominicano Patrimonio Dominicano Patrimonio Dominicano Depósito 19.02.2010 LF1   342.7293 J82d | v.1, e.2 15841-20 25.06.2020 25.06.2020 Libro y Folleto Colección Patrimonio Dominicano

Powered by Koha